Spanish and Mexican Maiolica (Record no. 445)

MARC details
000 -CABECERA
campo de control de longitud fija 00852nam a2200253 a 4500
001 - NÚMERO DE CONTROL
campo de control BRCA_512
005 - FECHA Y HORA DE LA ÚLTIMA TRANSACCIÓN
campo de control 20190320203037.0
008 - DATOS DE LONGITUD FIJA--INFORMACIÓN GENERAL
campo de control de longitud fija 230508s1997----us-a---###---#000-0#eng-#
041 ## - CÓDIGO DE LENGUA
Código de lengua del texto/banda sonora o título independiente eng
044 ## - CÓDIGO DEL PAÍS DE LA ENTIDAD EDITORA/PRODUCTORA
Código MARC del país u
050 #4 - SIGNATURA TOPOGRÁFICA DE LA BIBLIOTECA DEL CONGRESO
Número de clasificación NK4320.M5
Número de documento/Ítem .L57 1997
100 1# - ENTRADA PRINCIPAL--NOMBRE DE PERSONA
Nombre de persona Lister, Florence Cline
9 (RLIN) 1759
245 10 - MENCIÓN DE TÍTULO
Título Spanish and Mexican Maiolica
Resto del título an Annotated Catalogue of the Collections Museum of International Folk Art
Mención de responsabilidad, etc. by Florence C. Lister and Robert H. Lister.
260 ## - PUBLICACIÓN, DISTRIBUCIÓN, ETC.
Lugar de publicación, distribución, etc. Santa Fé, Nuevo Mexico
Nombre del editor, distribuidor, etc. Museum of International Folk Art
Fecha de publicación, distribución, etc. 1997
300 ## - DESCRIPCIÓN FÍSICA
Extensión 2 v.
Otras características físicas il.
Dimensiones 28 cm.
500 ## - NOTA GENERAL
Nota general Ejemplar engargolado
500 ## - NOTA GENERAL
Nota general Por política no se presta a domicilio
650 14 - PUNTO DE ACCESO ADICIONAL DE MATERIA--TÉRMINO DE MATERIA
Término de materia o nombre geográfico como elemento de entrada Mayólica
Subdivisión geográfica España
9 (RLIN) 1760
650 14 - PUNTO DE ACCESO ADICIONAL DE MATERIA--TÉRMINO DE MATERIA
Término de materia o nombre geográfico como elemento de entrada Mayólica
Subdivisión geográfica México
9 (RLIN) 1761
650 14 - PUNTO DE ACCESO ADICIONAL DE MATERIA--TÉRMINO DE MATERIA
Término de materia o nombre geográfico como elemento de entrada Cerámica vidriada
9 (RLIN) 1762
700 1# - PUNTO DE ACCESO ADICIONAL--NOMBRE DE PERSONA
Nombre de persona Lister, Robert H.
9 (RLIN) 1763
902 ## - CATALOGADOR
Iniciales eng
942 ## - ELEMENTOS DE PUNTO DE ACCESO ADICIONAL (KOHA)
Fuente del sistema de clasificación o colocación Library of Congress Classification
Tipo de ítem Koha Libros
Holdings
Estado de retiro Estado de pérdida Estado dañado No para préstamo Localización permanente Ubicación/localización actual Fecha de adquisición Total de préstamos Signatura topográfica completa Código de barras Fecha visto por última vez Precio válido a partir de Tipo de ítem Koha Código de colección
El ejemplar forma parte de la colección y puede ser consultado según las políticas vigentes.       Biblioteca del Museo Franz Mayer (Rogerio Casas-Alatriste) Biblioteca del Museo Franz Mayer (Rogerio Casas-Alatriste) 25/06/2008   NK4320.M5 .L57 1997 ENG00003 22/03/2019 22/03/2019 Libros  
El ejemplar forma parte de la colección y puede ser consultado según las políticas vigentes.       Biblioteca del Museo Franz Mayer (Rogerio Casas-Alatriste) Biblioteca del Museo Franz Mayer (Rogerio Casas-Alatriste) 01/03/2012   NK4320.M5 .L57 1997 ENG00004 22/03/2019 22/03/2019 Libros Acervo General